000 00751nam a2200289Ia 4500
005 20260324125027.0
008 008 260324s9999 xx 000 0 eng d
020 _a9780203877609
037 _aEBOOK
040 _aCRL
040 _beng
040 _cCRL
041 _2eng
041 _aeng
084 _qCRL
100 _aMichael Kiener; Ryan Patterson; Bob Bertolino
_91176411
245 4 _aThe Therapist's Notebook on Strengths and Solution-Based Therapies
245 0 _bHomework, Handouts, and Activities
260 _bTaylor and Francis
260 _c2009
365 _a
365 _b220
856 _uhttp://www.taylorfrancis.com/books/9780203877609
942 _cEBOOK
999 _c1771311
_d1771311